The question of Western Hungary/Burgenland, 1918 - 1923

Titel: The question of Western Hungary/Burgenland, 1918 - 1923 : a territorial question in the context of national and international policy / Mari Vares
Verfasser:
Veröffentlicht: Jyväskylä : Univ., 2008
Umfang: 324 S.
Format: Buch
Sprache: Englisch
Schriftenreihe/
mehrbändiges Werk:
Jyväskylä studies on humanities ; 90
Schlagworte:
ISBN: 9789513930745
Buchumschlag
X
Lokale Klassifikation: 21 8 B 1 ; 54 3 D ; 21 7 K ; 54 7 K ; 54 7 R ; 21 7 R ; 21 3 C
alg: 21388415
001A    $03004:14-07-09 
001B    $06055:27-02-26 $t18:27:20.000 
001D    $03004:17-11-09 
001U    $0utf8 
001X    $00 
002@    $0Aay 
003@    $0213884151 
003O    $0609947616 $aOCoLC 
004A    $A978-951-39-3074-5 
006L    $0AC06647486 $2OBV 
006L    $0569868548 $2GBV 
007A    $0AC06647486 $aOBV 
007G    $0DE0200D2FCE5B0C570AF5C125794400423D62 
007T    $0Herdc0047568m 
009P    $qapplication/pdf $A2 $3Inhaltsverzeichnis $uhttp://scans.hebis.de/HEBCGI/show.pl?21388415_toc.pdf $mV:DE-603;B:DE-Mb50 
010@    $aeng 
011@    $a2008 
013D    $RWissenschaftliche Literatur $#Dissertations, Academic $#Thèses et écrits académiques $#Hochschulschrift $D20251120 $Ecgmnf $74113937-9 $8Hochschulschrift [Tsz] $9085338818 
021A    $aThe @question of Western Hungary/Burgenland, 1918 - 1923 $da territorial question in the context of national and international policy $hMari Vares 
028A    $7139016392 $8Vares, Mari$Z1970- [Tp3] $9215050029 
033A    $pJyväskylä $nUniv. 
034D    $a324 S. 
036E    $aJyväskylä studies on humanities $l90 
044K    $RWeltpolitik $RAußenpolitik $RInternationales politisches System $#International relations $#Relations internationales $#Relazioni internazionali $#Relaciones internacionales $#Internationale Politik $#internationale Politik $#bilaterale Beziehungen $#internationale Beziehungen $#Internationale Beziehungen $#Politische Beziehungen Internationale Politik $#Zwischenstaatliche Beziehungen $D20251120 $Ecgmnf $74072885-7 $8Internationale Politik [Tsz] $9085205222 
044K    $RAbgrenzung $#Boundaries $#Frontières $#Grenze $#Staatsgrenze $#Staatsgrenze/Grenze $#Ende Grenze $#Grenzen $D20251120 $Ecgmnf $74130793-8 $8Grenze [Ts1] $9085463876 
044K    $RDeutsch-Westungarn $#Burgenland $#Burgenland $#Bundesland Burgenland $#Land Burgenland $D20251120 $Ecgmnf $74009114-4 $8Burgenland [Tg1] $9085017272 
044K    $RUngarn $#Transdanubien $#Westungarn $#Ungarn, West $#Westliches Ungarn $#Dunántúl $D20251120 $Ecgmnf $74060622-3 $8Transdanubien [Tg1] $9085168343 
045F    $a305.8009439 $eDDC23BSB 
045F/01 $a305.8009 
045F/03 $g439 
045F/03 $g436 
045G    $a900.943609041 $eDDC23BSB 
045G/01 $a900 
045G/03 $f09041 
045G/03 $g436 
045G/03 $g439 
045H    $a909 $eDDC23BSB 
045H/01 $a909 
045H/03 $g439 
045H/03 $g436 
046L    $aZsfassung in finn. Sprache 
047P    $a@Zugl. Jyväskyla, Univ., Diss 

lok: 21388415 24
101B    $023-02-10 $t13:15:22.000 
101C    $023-02-10 
101U    $0utf8 
145Z/01 $a21 8 B 1 
145Z/02 $a54 3 D 
145Z/03 $a21 7 K 
145Z/04 $a54 7 K 
145Z/05 $a54 7 R 
145Z/06 $a21 7 R 
145Z/07 $a21 3 C 

exp: 21388415 24 1 #EPN
201B/01 $023-02-10 $t13:15:22.000 
201C/01 $014-07-09 
201U/01 $0utf8 
203@/01 $0577772651 
208@/01 $a23-02-10 $bz 
209A/01 $a09.5983 $du $f050 $h09 5983 $x00 
209C/01 $a09.5983 T $h09 5983 T 
209G/01 $a72484320 $x00 
220C/01 $awar/hae 
247C/01 $8358050-7 Marburg, Bibliothek des Herder-Instituts Marburg $9102600961 

lok: 21388415 78

exp: 21388415 78 1 #EPN
201B/01 $019-04-17 $t14:58:26.000 
201U/01 $0utf8 
203@/01 $0791929701 
208@/01 $a12-11-16 $be 
209A/01 $a/ $f000 $x00 
220C/01 $aTitelaufnehmer: pg;gk 
220C/01 $aHerkunft: HI Marburg 
237A/01 $aweiterführende Signatur(en): Herder-Institut: 09.5983 
244Z/01 $2Trx $#Ungari $#Vengrija $#Ungārija $#Ungarn $#Hungary $#Węgry $#Maďarsko $#Maďarsko $#Uhorsko $#Uhersko;Uhry $8--Trx--Magyarország $x01 $9391197150 
244Z/01 $2Trx $#Austrija $#Austria $#Rakousko $8--Trx--Österreich$gLand $x02 $9391351532 
244Z/01 $2Trx $8--Trx--Burgenland $x03 $9391184520 
244Z/01 $aGeschichte 1918-1923 $x04 
244Z/01 $2Trx $#suhted, rahvusvahelised $#santykiai, tarptautiniai $#relations, international $#kapcsolatok, nemzetközi $#stosunki międzynarodowe $#vzťahy medzinárodné $#vztahy mezinárodní $8--Trx--Beziehungen, internationale $x05 $9391372572 
244Z/01 $2Trx $#suhted, Austria-Ungari $#santykiai, austrų ir vengrų $#relations, Austrian-Hungarian $#kapcsolatok, magyar-osztrák $#stosunki austriacko-węgierskie $#vzťahy maďarsko-rakúske $#vztahy maďarsko-rakouské $8--Trx--Beziehungen, österreichisch-ungarische $x06 $9391374303 
244Z/01 $2Trx $#rahulepingud $#taikos sutartys $#peace treaties $#békeszerzödések $#traktaty pokojowe $#zmluvy mierové $#smlouvy mírové $8--Trx--Friedensverträge $x07 $9391357174 
244Z/01 $2Trx $#maailmasõda, esimene 1914-1918 $#karas, Pirmasis pasaulinis 1914-1918 $#World War, First 1914-1918 $#világháború, első 1914-1918 $#wojna światowa, pierwsza 1914-1918 $#vojna svetová I. 1914-1918 $#válka první světová 1914-1918 $#Erster Weltkrieg $8--Trx--Weltkrieg, Erster$g1914-1918 $x08 $9391383272 
244Z/01 $2Trx $#piirid $#sienos $#borders $#határok $#granice $#hranice $#hranice $8--Trx--Grenzen $x09 $9391373366 
244Z/01 $2Trx $8--Trx--Monographie $x10 $9391384546 
245Z/01 $a07.07 $x01 
247C/01 $82080>Marburg/Lahn, Herder-Institut, Forschungsbibliothek, Bibliographieportal $9336309341
LEADER 00000cam a22000002c 4500
001 213884151
003 DE-603
005 20260227182720.0
007 tu
008 090714s2008 xx |||| m u00||u|eng c
020 |a 9789513930745 
035 |a (DE-599)OBVAC06647486 
035 |a (AT-OBV)AC06647486 
035 |a (DE-601)569868548 
035 |a (OCoLC)609947616 
040 |a DE-603  |b ger  |c DE-603  |d DE-603 
041 |a eng 
082 0 4 |8 1\u  |a 305.8009439  |q DE-101  |2 23/BSB 
083 0 |8 2\u  |a 900.943609041  |q DE-101  |2 23/BSB 
083 0 |8 3\u  |a 909  |q DE-101  |2 23/BSB 
085 |8 1\u  |b 305.8009 
085 |8 1\u  |z 2  |s 439 
085 |8 1\u  |z 2  |s 436 
085 |8 2\u  |b 900 
085 |8 2\u  |z 1  |s 09041 
085 |8 2\u  |z 2  |s 436 
085 |8 2\u  |z 2  |s 439 
085 |8 3\u  |b 909 
085 |8 3\u  |z 2  |s 439 
085 |8 3\u  |z 2  |s 436 
100 1 |a Vares, Mari  |d 1970-  |0 (DE-603)215050029  |0 (DE-588)139016392  |2 gnd 
245 0 0 |a ˜Theœ question of Western Hungary/Burgenland, 1918 - 1923  |b a territorial question in the context of national and international policy  |c Mari Vares 
264 1 |a Jyväskylä  |b Univ.  |c 2008 
300 |a 324 S. 
490 0 |a Jyväskylä studies on humanities  |v 90 
546 |a Zsfassung in finn. Sprache 
555 8 |a Zugl. Jyväskyla, Univ., Diss 
650 7 |a Internationale Politik  |0 (DE-588)4072885-7  |0 (DE-603)085205222  |2 gnd 
650 7 |a Grenze  |0 (DE-588)4130793-8  |0 (DE-603)085463876  |2 gnd 
651 7 |a Burgenland  |0 (DE-588)4009114-4  |0 (DE-603)085017272  |2 gnd 
651 7 |a Transdanubien  |0 (DE-588)4060622-3  |0 (DE-603)085168343  |2 gnd 
655 7 |a Hochschulschrift  |2 gnd-content  |0 (DE-588)4113937-9  |0 (DE-603)085338818 
856 4 2 |m V:DE-603;B:DE-Mb50  |q application/pdf  |u http://scans.hebis.de/HEBCGI/show.pl?21388415_toc.pdf  |3 Inhaltsverzeichnis 
924 0 |9 Mb 50  |a (DE-603)577772651  |b DE-Mb50  |c HES  |d c  |g 09.5983 
924 0 |9 2080  |a (DE-603)791929701  |b DE-2080  |c HES  |d d  |g /